| 000 | 01061cam a2200289 a 4500 | ||
|---|---|---|---|
| 999 |
_c7096 _d7096 |
||
| 001 | 2561650 | ||
| 003 | GBCCL | ||
| 005 | 20241126110619.0 | ||
| 008 | 950808s1995 cau b 000 0 eng | ||
| 010 | _a 95037061 | ||
| 020 | _a0830718567 | ||
| 040 |
_aDLC _cDLC _dDLC |
||
| 050 | 0 | 0 |
_aBV4596.M3 _bR35 1995 |
| 082 | 0 | 0 |
_a242.644 _220 _bRAI |
| 100 | 1 |
_aRainey, Dennis, _d1948- _95478 |
|
| 245 | 1 | 0 |
_aMoments together for couples: _bReproducible devotional handouts for your church, class or group/ _cDennis and Barbara Rainey. |
| 260 |
_aVentura, Calif. : _bRegal Books, _cc1995. |
||
| 300 |
_a130 p _c28 cm. |
||
| 504 | _aIncludes bibliographical references. | ||
| 650 | 0 |
_aSpouses _vPrayers and devotions. _94437 |
|
| 650 | 0 |
_aMarriage _xReligious aspects _xChristianity. _9295 |
|
| 650 | 0 |
_aDevotional calendars. _91878 |
|
| 700 | 1 |
_aRainey, Barbara. _95480 |
|
| 906 |
_a7 _bcbc _corignew _d1 _eocip _f19 _gy-gencatlg |
||
| 942 |
_2ddc _cBK |
||